| 000 | 00367nam a22001457a 4500 | ||
|---|---|---|---|
| 003 | SGT | ||
| 082 |
_a617 _bC22D |
||
| 100 | _aDHARMENDRA | ||
| 245 | _aA comparative study of sutures, staples and glue in skin closure undergoing inguinal Surgery | ||
| 260 |
_aGURUGRAM _bSGT UNIVERSITY _c2022 |
||
| 300 | _a72 | ||
| 650 | _aSURGERY | ||
| 653 | _aM.S | ||
| 942 |
_2ddc _cTH |
||
| 999 |
_c26514 _d26514 |
||